00000000nam##2200000za#4500
0019.643121
003CaOODSP
00520250506145323
007cr |||||||||||
008150407|1979||||xxc|||||o    f|0| 0 fre|d
040 |aCaOODSP|bfre
043 |an-cn---
0861 |aA53-1688/1979F-PDF
1101 |aCanada.|bAgriculture Canada.
24510|aIntoxication agricole par les gaz / |h[ressource électronique]|ctraduction de la version anglaise rédigée par l'Association pour la sécurité à la ferme.
260 |aOttawa - Ontario : |bAgriculture Canada |c1979.
300 |a12p.|bill., tableau
500 |aPublication historique numérisée par Agriculture et Agroalimentaire Canada.
590 |a14-11-Supp|b2014-05-21
69107|aEmpoisonnement|2gcpds
69107|aExploitation agricole|2gcpds
69107|aGaz|2gcpds
69107|aProduit toxique|2gcpds
77508|tGas poisoning on the farm |w(CaOODSP)9.699100
85640|ahttp://publications.gc.ca|qPDF|s458 Ko|uhttps://publications.gc.ca/collections/collection_2014/aac-aafc/agrhist/A53-1688-1979-fra.pdf
986 |a1688